African Capitals by airport code - Statistics

General Stats
  • This quiz has been taken 642 times
    569 since last reset
  • The average score is 35 of 54
Answer Stats
Airport Answer % Correct
ALG Algiers
96%
CAI Cairo
95%
ACC Accra
94%
ADD Addis Ababa
94%
TUN Tunis
94%
HRE Harare
90%
KGL Kigali
90%
CKY Conakry
88%
JUB Juba
88%
BZV Brazzaville
87%
DOD Dodoma
86%
OUA Ouagadougou
86%
CPT Cape Town
85%
NBO Nairobi
85%
WDH Windhoek
85%
NDJ N'Djamena
84%
ASM Asmara
83%
BKO Bamako
83%
KRT Khartoum
82%
BJL Banjul
81%
GBE Gaborone
80%
RBA Rabat
80%
ABV Abuja
75%
LLW Lilongwe
73%
NIM Niamey
73%
LBV Libreville
70%
LAD Luanda
70%
MPM Maputo
70%
MSU Maseru
70%
NKC Nouakchott
68%
BGF Bangui
62%
MGQ Mogadishu
62%
LUN Lusaka
61%
FNA Freetown
59%
DSS Dakar
57%
JIB Djibouti
57%
PRY Pretoria
51%
SEZ Victoria
51%
RAI Praia
50%
BFN Bloemfontein
49%
COO Cotonou
43%
LFW Lomé
43%
MRU Port Louis
41%
EBB Kampala
39%
TMS São Tomé
37%
TNR Antananarivo
35%
FIH Kinshasa
35%
MJI Tripoli
32%
OXB Bissau
29%
ROB Monrovia
28%
ASK Yamoussoukro
27%
NSI Yaoundé
27%
HAH Moroni
26%
SSG Malabo
24%
No matching quizzes found
Score Distribution
Percent of People with Each Score
Percentile by Number Answered
Your Score History
You have not taken this quiz since the last reset